00323nam a2200097Ia 4500082002100000245014400021260002900165300000900194546001200203700001000215 a639.2071bCMF/TR aTrainer`s training centre : central marine fisheries research institute ,Kochi progress report for the period October 2000 - September 2001 aCochinbCMFRI,ICARc2001 a15p. aEnglish aCMFRI